České zdravotnictví : vize a skutečnost : složité peripetie od plánů k realizaci / [editoři] Hana Mášová, Eva Křížová, Petr Svobodný
Record details
- ISBN: 80-246-0944-4
- Physical Description: 250 s. : il. ; 21 cm
- Edition: Vyd. 1.
- Publisher: Praha : Karolinum, 2005
Content descriptions
| General Note: | Sborník příspěvků ze 2. setkání sociologů a historiků medicíny a zdravotnictví, 29.-31. října 2003 v Krkonoších |
| Bibliography, etc. Note: | Obsahuje bibliografie a bibliografické odkazy |
| Issuing Body Note: | Vydavatel: Univerzita Karlova v Praze |
Search for related items by subject
| Genre: | sborníky konferencí proceedings of conferences |
Available copies
- 1 of 1 copy available at Common Catalog SPOK.
Holds
- 0 current holds with 1 total copy.
Show All Copies
| Location | Call Number / Copy Notes | Barcode | Shelving Location | Status | Due Date |
|---|---|---|---|---|---|
| Jabok Library | Soc-1.6 | 424480018915 | Odborná literatura | Available | - |
| LDR | 02530nam a2200637 a 4500 | ||
|---|---|---|---|
| 001 | 1561 | ||
| 003 | CZ-PrJAB | ||
| 005 | 20220812104500.0 | ||
| 007 | ta | ||
| 008 | 050221s2005 xr a f 100 0 cze | ||
| 015 | . | ‡acnb001500663 | |
| 020 | . | ‡a80-246-0944-4 ‡q(brož.) | |
| 035 | . | ‡a(CZ PrNK)nkc20051500663 | |
| 035 | . | ‡a(OCoLC)62759628 | |
| 040 | . | ‡aBOA001 ‡bcze ‡dABA001 ‡dOLA001 | |
| 043 | . | ‡ae-cs--- ‡ae-xr--- | |
| 072 | 7. | ‡a61 ‡xLékařské vědy. Lékařství ‡2Konspekt ‡914 | |
| 080 | . | ‡a614.2 ‡2MRF | |
| 080 | . | ‡a61 ‡2MRF | |
| 080 | . | ‡a316.33:614.2 ‡2MRF | |
| 080 | . | ‡a316.33:61 ‡2MRF | |
| 080 | . | ‡a614.2(091) ‡2MRF | |
| 080 | . | ‡a61(091) ‡2MRF | |
| 080 | . | ‡a(437) ‡2MRF | |
| 080 | . | ‡a(437.3) ‡2MRF | |
| 080 | . | ‡a(062.534) ‡2MRF | |
| 245 | 0 | 0. | ‡aČeské zdravotnictví : ‡bvize a skutečnost : složité peripetie od plánů k realizaci / ‡c[editoři] Hana Mášová, Eva Křížová, Petr Svobodný |
| 250 | . | ‡aVyd. 1. | |
| 260 | . | ‡aPraha : ‡bKarolinum, ‡c2005 | |
| 300 | . | ‡a250 s. : ‡bil. ; ‡c21 cm | |
| 500 | . | ‡aSborník příspěvků ze 2. setkání sociologů a historiků medicíny a zdravotnictví, 29.-31. října 2003 v Krkonoších | |
| 504 | . | ‡aObsahuje bibliografie a bibliografické odkazy | |
| 550 | . | ‡aVydavatel: Univerzita Karlova v Praze | |
| 650 | 0 | 7. | ‡azdravotnictví ‡7ph127574 ‡zČeskoslovensko ‡2czenas |
| 650 | 0 | 7. | ‡azdravotnictví ‡7ph127574 ‡zČesko ‡2czenas |
| 650 | 0 | 7. | ‡alékařství ‡7ph115195 ‡zČeskoslovensko ‡2czenas |
| 650 | 0 | 7. | ‡alékařství ‡7ph115195 ‡zČesko ‡2czenas |
| 650 | 0 | 7. | ‡asociologie zdravotnictví ‡7ph216733 ‡2czenas |
| 650 | 0 | 7. | ‡asociologie lékařství ‡7ph125753 ‡2czenas |
| 650 | 0 | 7. | ‡adějiny lékařství ‡7ph484341 ‡2czenas |
| 650 | 0 | 9. | ‡ahealth service ‡zCzechoslovakia ‡2eczenas |
| 650 | 0 | 9. | ‡ahealth service ‡zCzechia ‡2eczenas |
| 650 | 0 | 9. | ‡amedicine ‡zCzechoslovakia ‡2eczenas |
| 650 | 0 | 9. | ‡asociology of health service ‡2eczenas |
| 650 | 0 | 9. | ‡amedical sociology ‡2eczenas |
| 650 | 0 | 9. | ‡ahealth service ‡xhistory ‡2eczenas |
| 650 | 0 | 9. | ‡ahistory of medicine ‡2eczenas |
| 655 | 7. | ‡asborníky konferencí ‡7fd133333 ‡2czenas | |
| 655 | 9. | ‡aproceedings of conferences ‡2eczenas | |
| 700 | 1 | . | ‡aMášová, Hana, ‡d1955- ‡7jo2002112218 ‡4edt |
| 700 | 1 | . | ‡aKřížová, Eva, ‡d1959- ‡7jn20000401585 ‡4edt |
| 700 | 1 | . | ‡aSvobodný, Petr, ‡d1958- ‡7jn99240001155 ‡4edt |
| 710 | 2 | . | ‡aUniverzita Karlova ‡7kn20010710036 |
| 910 | . | ‡aABG312 | |
| 901 | . | ‡a1561 ‡bUnknown ‡c1561 ‡tbiblio | |